| 000 | 02106namaa2200469uu 4500 | ||
|---|---|---|---|
| 001 | doab132184 | ||
| 003 | oapen | ||
| 005 | 20260218110432.0 | ||
| 006 | m o d | ||
| 007 | cr|mn|---annan | ||
| 008 | 231222s2024 xx |||||o ||| 0|eng d | ||
| 020 | _a9781529228953 | ||
| 020 | _a9781529228977 | ||
| 024 | 7 |
_a10.47674/9781529228977 _2doi |
|
| 040 |
_aoapen _coapen _d |
||
| 041 | 0 | _aeng | |
| 042 | _adc | ||
| 720 | 1 |
_aBouwer, Kim _4edt |
|
| 245 | 0 | 0 | _aClimate Litigation and Justice in Africa |
| 260 |
_aBristol _bBristol University Press _c2024 |
||
| 300 | _a1 online resource (359 p.) | ||
| 336 |
_atext _btxt _2rdacontent |
||
| 337 |
_acomputer _bc _2rdamedia |
||
| 338 |
_aonline resource _bcr _2rdacarrier |
||
| 506 | 0 |
_fUnrestricted online access _2star |
|
| 520 | _aEPDF and EPUB available Open Access under CC-BY-NC-ND licence. This volume brings together an international team of contributors to provide a much-needed examination of climate litigation in Africa. The book outlines how climate litigation in Africa is distinct as well as pinpointing where it connects with the global conversation. Chapters engage with crucial themes such as human rights approaches to climate governance, corporate liability and the role of gender in climate litigation. | ||
| 540 |
_aCreative Commons _fhttps://creativecommons.org/licenses/by-nc-nd/4.0/ _2cc _uhttps://creativecommons.org/licenses/by-nc-nd/4.0/ |
||
| 546 | _aEnglish | ||
| 650 | 7 |
_aClimate change _2bicssc |
|
| 650 | 7 |
_aEnvironment law _2bicssc |
|
| 650 | 7 |
_aInternational human rights law _2bicssc |
|
| 720 | 1 |
_aBouwer, Kim _4oth |
|
| 720 | 1 |
_aEtemire, Dr Uzuazo _4edt |
|
| 720 | 1 |
_aEtemire, Dr Uzuazo _4oth |
|
| 720 | 1 |
_aField, Tracy-Lynn _4edt |
|
| 720 | 1 |
_aField, Tracy-Lynn _4oth |
|
| 720 | 1 |
_aJegede, Ademola Oluborode _4edt |
|
| 720 | 1 |
_aJegede, Ademola Oluborode _4oth |
|
| 793 | 0 | _aDOAB Library. | |
| 856 |
_uhttps://docs.google.com/spreadsheets/d/1yKIrdCPDAG_9c22mwoOIO2DOhtj65Wqa/edit?usp=sharing&ouid=106555315294820607512&rtpof=true&sd=true _yList of Curated E-Books |
||
| 942 | _cE-BOOK | ||
| 999 |
_c81038 _d81037 |
||